00686nam a2200181 a 4500003000200000005001700002008004100019050003300060100002400093245007500117260009300192300004000285504004100325650003600366650003000402650004400432650002800476020250227125042.0100819s19uu xx 00 eng d aPGS QA 76.9.C66 b.D542 2010 aDiaz, John Bryan T. aComputer use and creativity of students of SISC /cJohn Bryan T. Diaz. aLas Piñas City, Philippines : bSouthville International School and Colleges, c2010. a24 pages :billustrations ;c28 cm. aIncludes bibliographical references. aComputer-assisted instruction.  aComputers and creativity. aCreative thinking vStudy and teaching. aEducational technology.